| 000 -LEADER |
| fixed length control field |
02716cam a2200457 i 4500 |
| 001 - CONTROL NUMBER |
| control field |
23031685 |
| 003 - CONTROL NUMBER IDENTIFIER |
| control field |
NUST |
| 005 - DATE AND TIME OF LATEST TRANSACTION |
| control field |
20240217182319.0 |
| 008 - FIXED-LENGTH DATA ELEMENTS--GENERAL INFORMATION |
| fixed length control field |
230323s2019 enk 000 0 eng d |
| 010 ## - LIBRARY OF CONGRESS CONTROL NUMBER |
| LC control number |
2022465565 |
| 015 ## - NATIONAL BIBLIOGRAPHY NUMBER |
| National bibliography number |
GBB9D5843 |
| Source |
bnb |
| 016 7# - NATIONAL BIBLIOGRAPHIC AGENCY CONTROL NUMBER |
| Record control number |
019496654 |
| Source |
Uk |
| 020 ## - INTERNATIONAL STANDARD BOOK NUMBER |
| International Standard Book Number |
9781409175070 |
| 035 ## - SYSTEM CONTROL NUMBER |
| System control number |
(OCoLC)on1112385816 |
| 038 ## - RECORD CONTENT LICENSOR |
| Staff Name |
azhar |
| 040 ## - CATALOGING SOURCE |
| Original cataloging agency |
UKMGB |
| Language of cataloging |
eng |
| Transcribing agency |
UKMGB |
| Description conventions |
rda |
| Modifying agency |
OCLCO |
| -- |
OCLCF |
| -- |
NZAUC |
| -- |
OCLCO |
| -- |
OCL |
| -- |
OCLCO |
| -- |
DLC |
| 042 ## - AUTHENTICATION CODE |
| Authentication code |
lccopycat |
| 050 00 - LIBRARY OF CONGRESS CALL NUMBER |
| Classification number |
TX837 |
| Item number |
.C669 2019 |
| 082 04 - DEWEY DECIMAL CLASSIFICATION NUMBER |
| Classification number |
641.56362 |
| Edition number |
23 |
| Author Mark |
COT |
| 100 1# - MAIN ENTRY--PERSONAL NAME |
| Personal name |
Cotton, Fearne, |
| Dates associated with a name |
1981- |
| Relator term |
author. |
| 9 (RLIN) |
120678 |
| 245 10 - TITLE STATEMENT |
| Title |
Happy: finding joy in everyday and letting go of perfect / |
| Statement of responsibility, etc. |
Fearne Cotton. |
| 260 ## - PUBLICATION, DISTRIBUTION, ETC. |
| Place of publication, distribution, etc. |
London: |
| Name of publisher, distributor, etc. |
Orion Spring; |
| Date of publication, distribution, etc. |
2017. |
| 300 ## - PHYSICAL DESCRIPTION |
| Extent |
272p. |
| Dimensions |
19.5 cm |
| 336 ## - CONTENT TYPE |
| Content type term |
text |
| Source |
rdacontent |
| 337 ## - MEDIA TYPE |
| Media type term |
unmediated |
| Source |
rdamedia |
| 338 ## - CARRIER TYPE |
| Carrier type term |
volume |
| Source |
rdacarrier |
| 505 0# - FORMATTED CONTENTS NOTE |
| Formatted contents note |
Starting the day right -- Snacks -- Lunch on the go -- Long and lazy -- Dishy dinners -- Sharing feasts -- Party time -- The sweetest thing. |
| 520 ## - SUMMARY, ETC. |
| Summary, etc. |
At last! Easy plant-based recipes to make the whole family happy. 'Whether you're a fully-fledged and dedicated vegan, someone that eats vegan when cooking at home but veers off when out and about, or completely new to vegan food, I hope you enjoy the process of recreating these recipes and ultimately of eating the finished results' Fearne x. So, what's a Happy Vegan? One that's well fed, well-nourished and satisfied by the delicious and innovative plant-based recipes they're cooking ... With simple recipe hacks and flexible options, delicious classics and fresh ideas, Happy Vegan will inspire you to eat plant-based food full time, part time or any time. It's packed with comforting, easy-to-make dishes that will become your everyday favourites and go-to fridge raiders. Recipes include ideas to start the day right, for lunch on the go, some long and lazy slow cooking, dishy dinners, sharing feasts, party time and irresistible sweetest things. From burgers to brownies, casseroles to cakes, Happy Vegan shows you that vegan food is for everyone ... and you won't even notice there's no meat or dairy. Just happy faces. |
| 563 ## - BINDING INFORMATION |
| Binding note |
PB |
| 650 #0 - SUBJECT ADDED ENTRY--TOPICAL TERM |
| Topical term or geographic name entry element |
Vegan cooking. |
| 9 (RLIN) |
120679 |
| 650 #6 - SUBJECT ADDED ENTRY--TOPICAL TERM |
| Topical term or geographic name entry element |
Cuisine végétalienne. |
| 9 (RLIN) |
120680 |
| 650 #7 - SUBJECT ADDED ENTRY--TOPICAL TERM |
| Topical term or geographic name entry element |
Vegan cooking. |
| Source of heading or term |
fast |
| Authority record control number or standard number |
(OCoLC)fst01754700 |
| 9 (RLIN) |
120679 |
| 655 #2 - INDEX TERM--GENRE/FORM |
| Genre/form data or focus term |
Cookbook |
| 9 (RLIN) |
120681 |
| 655 #7 - INDEX TERM--GENRE/FORM |
| Genre/form data or focus term |
cookbooks. |
| Source of term |
aat |
| 9 (RLIN) |
7921 |
| 655 #7 - INDEX TERM--GENRE/FORM |
| Genre/form data or focus term |
Cookbooks. |
| Source of term |
fast |
| Authority record control number |
(OCoLC)fst01752725 |
| 9 (RLIN) |
7921 |
| 655 #7 - INDEX TERM--GENRE/FORM |
| Genre/form data or focus term |
Cookbooks. |
| Source of term |
lcgft |
| 9 (RLIN) |
7921 |
| 655 #7 - INDEX TERM--GENRE/FORM |
| Genre/form data or focus term |
Livres de cuisine. |
| Source of term |
rvmgf |
| 9 (RLIN) |
120682 |
| 906 ## - LOCAL DATA ELEMENT F, LDF (RLIN) |
| a |
7 |
| b |
cbc |
| c |
copycat |
| d |
2 |
| e |
ncip |
| f |
20 |
| g |
y-gencatlg |
| 942 ## - ADDED ENTRY ELEMENTS (KOHA) |
| Source of classification or shelving scheme |
|
| Koha item type |
Book |